Proyecto Arcoíris: Lenguaje. Enseñanza Básica, 8
Guardat en:
| Autor principal: | |
|---|---|
| Format: | Llibre |
| Idioma: | espanyol |
| Publicat: |
Santiago
Santillana
2001
|
| Matèries: | |
| Etiquetes: |
Afegir etiqueta
Sense etiquetes, Sigues el primer a etiquetar aquest registre!
|
MARC
| LEADER | 00000nam a2200000 a 4500 | ||
|---|---|---|---|
| 001 | UCH4052 | ||
| 003 | CL-VaPUC | ||
| 008 | 090818e20010000CL |||||||||||||||||spa|d | ||
| 020 | |a 9561506254 | ||
| 082 | 0 | 4 | |a 372.6 |b ROJ |2 21 |
| 100 | 0 | |a Rojas Leiva, Manuel José |e author |9 539497 | |
| 245 | 1 | 0 | |a Proyecto Arcoíris: Lenguaje. Enseñanza Básica, 8 |
| 300 | |a 95 p | ||
| 942 | |c BK | ||
| 945 | |d 20090818 00:00:00 |a ccalabra | ||
| 260 | |a Santiago |b Santillana |c 2001 | ||
| 500 | |a Material didáctico Proyecto Arcoíris Lenguaje para Octavo Año de Educación Básica | ||
| 650 | 0 | |a Educación básica |9 224933 | |
| 650 | 0 | |a Comprensión de lectura |9 307588 | |
| 650 | 7 | |a NOVELAS |2 CL-VaPUC |9 333250 | |
| 650 | 0 | |a Ensayos |9 268724 | |
| 650 | 0 | |a Cuentos |9 308079 | |
| 650 | 0 | |a Teatro |9 265385 | |
| 650 | 0 | |a Poesía |9 265825 | |
| 583 | |a last modification |c 20090818 00:00:00 |k Rodrigo Vera | ||
| 999 | |c 335406 |d 335404 | ||